| 000 | 00790cam a2200217 a 4500 | ||
|---|---|---|---|
| 001 | 000003795 | ||
| 005 | 20200929150554.0 | ||
| 008 | 790424s1985 ag c b 001 f spa | ||
| 020 | _a9509097365 | ||
| 040 |
_aDO-SdBNP _bspa _cBNPHU |
||
| 082 |
_a813.52 _bM478c |
||
| 100 | 1 |
_aMcDowell, Margaret B. _911531 |
|
| 240 | 1 | 0 |
_aCarson mccullers. _lEspañol. |
| 245 | 1 | 0 |
_aCarson McCullers : _bun corazón solitario / _cMargaret B. McDowell ; traducción de Anibal Leal. |
| 260 |
_aArgentina : _bEditorial Fraterna, _c1985. |
||
| 300 |
_a222 p. ; _c20 cm. |
||
| 600 | 1 | 4 |
_aMCCULLERS, CARSON, _d1917-1967 _xCRÍTICA E INTERPRETACIÓN _911532 |
| 650 | 4 |
_aNovela estadounidense _9262 |
|
| 650 | 4 |
_aLiteratura estadounidense _xCrítica e interpretación _911526 |
|
| 700 | 1 |
_aLeal, Anibal, _etraductor _94573 |
|
| 999 |
_c3617 _d3617 |
||